Chceš byť ako rímsky vojak? (Record no. 21996)
[ view plain ]
| 000 -LEADER | |
|---|---|
| fixed length control field | 01762cam a2200481 4500 |
| 001 - CONTROL NUMBER | |
| control field | 21996 |
| 003 - CONTROL NUMBER IDENTIFIER | |
| control field | VRT |
| 005 - DATE AND TIME OF LATEST TRANSACTION | |
| control field | 20260317144252.0 |
| 008 - FIXED-LENGTH DATA ELEMENTS--GENERAL INFORMATION | |
| fixed length control field | 210730s2021 xo a brfi 000 0 slo |
| 015 ## - NATIONAL BIBLIOGRAPHY NUMBER | |
| National bibliography number | SNBA2021/09 |
| 020 ## - INTERNATIONAL STANDARD BOOK NUMBER | |
| International Standard Book Number | 9788055176338 |
| Qualifying information | (viazané) |
| 039 #9 - LEVEL OF BIBLIOGRAPHIC CONTROL AND CODING DETAIL [OBSOLETE] | |
| Level of rules in bibliographic description | 202310061225 |
| Level of effort used to assign nonsubject heading access points | AUTHORITY |
| Level of effort used to assign subject headings | 202109220956 |
| Level of effort used to assign classification | msnk167 |
| 040 ## - CATALOGING SOURCE | |
| Original cataloging agency | SNK |
| Language of cataloging | slo |
| Transcribing agency | SNK |
| Description conventions | rda |
| 041 0# - LANGUAGE CODE | |
| Language code of text/sound track or separate title | slo |
| 044 ## - COUNTRY OF PUBLISHING/PRODUCING ENTITY CODE | |
| MARC country code | xo |
| ISO country code | SK |
| 072 #7 - SUBJECT CATEGORY CODE | |
| Subject category code | 821-93 |
| Subject category code subdivision | Literatúra pre deti a mládež (beletria) |
| Source | konspekt |
| 080 ## - UNIVERSAL DECIMAL CLASSIFICATION NUMBER | |
| Universal Decimal Classification number | (035) |
| Edition identifier | 2011 |
| 080 ## - UNIVERSAL DECIMAL CLASSIFICATION NUMBER | |
| Universal Decimal Classification number | 82-93-053.2 |
| Edition identifier | 2011 |
| 100 1# - MAIN ENTRY--PERSONAL NAME | |
| Personal name | Amson-Bradshaw, Georgia |
| Relationship | aut |
| 240 10 - UNIFORM TITLE | |
| Uniform title | So you want to be a Roman Soldier? |
| Language of a work | Slovensky |
| 245 10 - TITLE STATEMENT | |
| Title | Chceš byť ako rímsky vojak? |
| Statement of responsibility, etc. | napísala Georgia Amson-Bradshaw ; ilustrovala Takayo Akiyama ; preložila Marína Gálisová |
| 250 ## - EDITION STATEMENT | |
| Edition statement | Prvé vydanie |
| 264 #1 - PRODUCTION, PUBLICATION, DISTRIBUTION, MANUFACTURE, AND COPYRIGHT NOTICE | |
| Place of production, publication, distribution, manufacture | Bratislava |
| Name of producer, publisher, distributor, manufacturer | Ikar, a.s. - Stonožka |
| Date of production, publication, distribution, manufacture, or copyright notice | 2021 |
| 300 ## - PHYSICAL DESCRIPTION | |
| Extent | 96 strán |
| Other physical details | ilustrácie |
| Dimensions | 20 cm |
| 336 ## - CONTENT TYPE | |
| Content type term | text |
| Content type code | txt |
| Source | rdacontent |
| 336 ## - CONTENT TYPE | |
| Content type term | statický obraz |
| Content type code | sti |
| Source | rdacontent |
| 337 ## - MEDIA TYPE | |
| Media type term | bez média |
| Media type code | n |
| Source | rdamedia |
| 338 ## - CARRIER TYPE | |
| Carrier type term | zväzok |
| Carrier type code | nc |
| Source | rdacarrier |
| 500 ## - GENERAL NOTE | |
| General note | Inšpirované knihou Legionár Philipa Matyszaka |
| 500 ## - GENERAL NOTE | |
| General note | Preložené z angličtiny |
| 521 8# - TARGET AUDIENCE NOTE | |
| Target audience note | Pre čitateľov od 8 rokov |
| 655 #7 - INDEX TERM--GENRE/FORM | |
| Genre/form data or focus term | príručky |
| Source of term | SNKPH |
| 655 #7 - INDEX TERM--GENRE/FORM | |
| Genre/form data or focus term | publikácie pre deti |
| Source of term | SNKPH |
| 655 #7 - INDEX TERM--GENRE/FORM | |
| Genre/form data or focus term | Handbooks, manuals, etc. |
| Source of term | SNKPHeng |
| 655 #7 - INDEX TERM--GENRE/FORM | |
| Genre/form data or focus term | Publications for children |
| Source of term | SNKPHeng |
| 700 1# - ADDED ENTRY--PERSONAL NAME | |
| Personal name | Gálisová, Marína, |
| Dates associated with a name | 1972- |
| Relationship | trl |
| 700 1# - ADDED ENTRY--PERSONAL NAME | |
| Personal name | Haywood, John, |
| Dates associated with a name | 1956- |
| Relationship | ant |
| 700 1# - ADDED ENTRY--PERSONAL NAME | |
| Personal name | Akiyama, Takayo, |
| Dates associated with a name | 1977- |
| Relationship | ill |
| 787 08 - OTHER RELATIONSHIP ENTRY | |
| Relationship information | Zo série: |
| Title | Slávni bojovníci |
| 942 ## - ADDED ENTRY ELEMENTS (KOHA) | |
| Source of classification or shelving scheme | Dewey Decimal Classification |
| Koha item type | Krásna literatúra pre dospelých |
| Suppress in OPAC | No |
| 949 ## - LOCAL PROCESSING INFORMATION (OCLC) | |
| 6 | 17A1456254 |
| a | snkSD 89953 |
| b | snk2021/9552 |
| o | 1027/2021 |
| s | 6100:20210924 |
| 949 ## - LOCAL PROCESSING INFORMATION (OCLC) | |
| 6 | 17A1456255 |
| a | snkSD 89953 D1 |
| b | snk2021/9553 |
| o | 1027/2021 |
| Stav vyradenia | Strata | Poškodenie | Spôsob nadobudnutia | Domovská knižnica | Aktuálna knižnica | Dátum nadobudnutia | Cena | Total checkouts | Čiarový kód exemplára | Date last seen | Typ exemplára |
|---|---|---|---|---|---|---|---|---|---|---|---|
| Kúpa | Obecná knižnica Horná Štubňa | Obecná knižnica Horná Štubňa | 17.03.2026 | 1.95 | 9788055176338 | 17.03.2026 | Krásna literatúra pre dospelých |
